| 000 | 01304cab a22002295a 4500 | ||
|---|---|---|---|
| 001 | L145520 | ||
| 008 | 081017s2008 xxk f 000 0 eng d | ||
| 035 | _a(Sirsi) u145520 | ||
| 041 | 0 | _aeng | |
| 100 | 1 | _aFowler, Stephen | |
| 245 | 0 | 0 |
_aCredit crunch _bits impact on the letting industry |
| 260 | _c2008 | ||
| 490 |
_aLetting Update Journal _v(16)3 October 2008, 14-17(4) |
||
| 520 | _aDiscusses the effects of the credit crunch on the lettings industry in the light of a marked rise in repossessions (particularly of buy to let properties, up by 93% from this time last year). While the Association of Residential Letting Agents (ARLA) remain positive, other market commentators and negative economic indicators seem to suggest more fallout is yet to come. The authors suggest ways in which alert property managers can be aware of potential problems with landlords and discuss the repossession cycle. Also looks at the rights of tenants in such cases, but suggests that these will always be secondary to the rights of the lender (and sometimes the landlord). | ||
| 590 | _aKA | ||
| 650 | 2 | 4 | _aABBEY NATIONAL V YUSUF |
| 650 | 2 | 4 | _aSTALKER V KARIM |
| 651 | 4 |
_aUnited Kingdom _y |
|
| 690 | _aPROPERTY-RESIDENTIAL PROPERTY-RESIDENTIAL LANDLORD AND TENANT | ||
| 700 | 1 | _aIves, Paul | |
| 942 | _n0 | ||
| 999 |
_c80852 _d80852 |
||